| 000 | 00948nac a22002897a 4500 | ||
|---|---|---|---|
| 001 | BR9402422 | ||
| 003 | BR-BrBNA | ||
| 005 | 20240105121516.0 | ||
| 008 | 230509b bl.|||m| |||| 00| 0 por d | ||
| 040 |
_aBR-BrBNA _bpor _cBiblioteca Nacional de Agricultura |
||
| 072 | _aF70 | ||
| 090 | _aF70 BR9402422 | ||
| 100 | 1 | _aCarvalho, L. d'A. F. de | |
| 100 | 1 | _aBevilaqua, M.D. | |
| 110 | 1 |
_aJardim Botanico do Rio de Janeiro, RJ (Brasil) _96637 |
|
| 245 | 1 | _aReedicao dos tipos nomenclaturais caracterizados do herbario do Jardim Botanico do Rio de Janeiro | |
| 260 | 3 |
_aRio de Janeiro, RJ (Brasil): _c1989. |
|
| 300 | _a59 p. | ||
| 490 |
_aEstudos e Contribuicoes - Jardim Botanico do Rio de Janeiro (Brazil) _vno. 4 _x |
||
| 500 | _a36 ref. | ||
| 650 | _aHerbario | ||
| 650 | _aJardim Botanico | ||
| 650 | _aRio de Janeiro | ||
| 650 | _aTaxonomia Vegetal | ||
| 909 |
_a202312 _bLúcia Elande _c55 _dLúcia Elande |
||
| 942 |
_2AGRIS _n0 _cMS |
||
| 999 |
_c285704 _d285704 |
||